000 00581nam a2200217 i 4500
001 bgj
100 1 _aO'CALLAGHAN, Bryn.
245 1 0 _aAn illustrated History of the USA /
_cBryn 0'Callaghan.
250 _a[18th impr.].
260 _aHarlow, Essex :
_bLongman,
_c2005.
300 _a144 pp :
_bmaps, photos ;
_c26 cm.
500 _a1st published 1990.
505 _aIncludes index.
651 9 _aUnited States
_xHistory
020 _a0582749212
040 _cBPK
041 0 _aeng
920 _a0-582-74921-2
942 _cKS
008 s uk f |000 0 eng
999 _c49019
_d49019